[Event "Bosna 2004"]
[Site "Sarajevo"]
[Date "2004.05.18"]
[Round "1"]
[White "Sokolov, Ivan"]
[Black "Atalik, Suat"]
[Result "1/2-1/2"]
[WhiteElo "2690"]
[BlackElo "2558"]
[PlyCount "85"]
[EventDate "2004.??.??"]

1. d4 d5 2. c4 c6 3. Nc3 Nf6 4. e3 a6 5. Nf3 Bf5 6. Qb3 b5 7. c5 Nbd7 8. a4 g6
9. Qa3 b4 10. Qxb4 Rb8 11. Qa3 a5 12. Bd2 Ne4 13. Nxe4 dxe4 14. Ng1 e5 15. Ne2
Be6 16. Qc3 Bg7 17. Qc2 O-O 18. Bc3 Re8 19. dxe5 Nxc5 20. Nd4 Nb3 21. Nxb3 Bxb3
22. Qxe4 Bd5 23. Qf4 Qc7 24. Bc4 Bxe5 25. Bxe5 Qxe5 26. Qxe5 Rxe5 27. Bxd5 Rxd5
28. Rb1 Rc5 29. Kd2 Rd8+ 30. Ke2 Rc2+ 31. Kf3 Rdd2 32. Rhf1 Rxb2 33. Rxb2 Rxb2
34. Rc1 Rb4 35. Rxc6 h5 36. e4 Rxa4 37. h4 Ra2 38. Ra6 Kf8 39. Ra7 Kg7 40. e5
Kf8 41. g3 Ra4 42. Ke3 Kg8 43. Ra8+ 1/2-1/2

[Event "Bosna 2004"]
[Site "Sarajevo"]
[Date "2004.05.18"]
[Round "1"]
[White "Dizdarevic, Emir"]
[Black "Kozul, Zdenko"]
[Result "1/2-1/2"]
[WhiteElo "2528"]
[BlackElo "2627"]
[PlyCount "67"]
[EventDate "2004.??.??"]

1. Nf3 Nf6 2. g3 d5 3. Bg2 g6 4. d4 Bg7 5. O-O O-O 6. Ne5 Ne8 7. Nc3 e6 8. e4
c5 9. Be3 cxd4 10. Bxd4 Nd6 11. exd5 Nf5 12. Nf3 Nxd4 13. Nxd4 exd5 14. Nxd5
Bd7 15. c3 Nc6 16. Nc2 Ne5 17. Nce3 h5 18. Qb3 h4 19. Rad1 h3 20. Bh1 Rb8 21.
Nf4 Qc8 22. Rd6 Re8 23. Rfd1 Bg4 24. R1d2 b5 25. Bd5 Nc4 26. Bxc4 bxc4 27. Qc2
Bf5 28. Qc1 Bh6 29. R6d4 Bd3 30. Nxd3 cxd3 31. R4xd3 Qe6 32. Qf1 Qxa2 33. Qxh3
Bxe3 34. Rxe3 1/2-1/2

[Event "Bosna 2004"]
[Site "Sarajevo"]
[Date "2004.05.18"]
[Round "1"]
[White "Movsesian, Sergei"]
[Black "Predojevic, Borki"]
[Result "1-0"]
[WhiteElo "2647"]
[BlackElo "2503"]
[PlyCount "79"]
[EventDate "2004.??.??"]

1. e4 c5 2. Nf3 e6 3. d4 cxd4 4. Nxd4 a6 5. Nc3 Qc7 6. f4 Nc6 7. Nb3 d6 8. Bd3
Nf6 9. O-O Be7 10. Kh1 O-O 11. Bd2 b5 12. Qf3 b4 13. Ne2 e5 14. c4 a5 15. f5
Bb7 16. Rad1 Rac8 17. Be3 h6 18. Qg3 Kh8 19. Nd2 Nb8 20. Qh3 Nbd7 21. Ng3 Qd8
22. Nf3 Nh7 23. Nh5 Rg8 24. b3 Nc5 25. Bc2 Qf8 26. Ng3 Bf6 27. Qg4 Qe7 28. Nh5
Rgd8 29. Bc1 Bc6 30. Rde1 Rc7 31. Re3 Rg8 32. Bd2 g6 33. Nxf6 Qxf6 34. fxg6
fxg6 35. Ree1 h5 36. Qg3 Qe6 37. Ng5 Nxg5 38. Qxg5 Rf7 39. Rf3 Rxf3 40. Qh6#
1-0

[Event "Bosna 2004"]
[Site "Sarajevo"]
[Date "2004.05.19"]
[Round "2"]
[White "Atalik, Suat"]
[Black "Predojevic, Borki"]
[Result "1/2-1/2"]
[WhiteElo "2558"]
[BlackElo "2503"]
[PlyCount "62"]
[EventDate "19.??.??"]

1. d4 Nf6 2. c4 g6 3. Nc3 d5 4. Bg5 Ne4 5. Bh4 Nxc3 6. bxc3 dxc4 7. e3 Be6 8.
Qb1 Qd5 9. Nf3 Qa5 10. Qb2 Nd7 11. Be2 Nb6 12. O-O Na4 13. Qxb7 Bd5 14. Qb1
Nxc3 15. Qe1 Bg7 16. e4 Nxe2+ 17. Qxe2 Be6 18. d5 Bxa1 19. dxe6 Bf6 20. e5 Bxh4
21. exf7+ Kxf7 22. Qxc4+ Kg7 23. Qxh4 Rae8 24. Qc4 Rhf8 25. Rc1 Rxf3 26. gxf3
Qxe5 27. Qxc7 Qf6 28. Re1 Qxf3 29. Rxe7+ Rxe7 30. Qxe7+ Kg8 31. Qd7 Qa3 1/2-1/2

[Event "Bosna 2004"]
[Site "Sarajevo"]
[Date "2004.05.19"]
[Round "2"]
[White "Short, Nigel"]
[Black "Movsesian, Sergei"]
[Result "0-1"]
[WhiteElo "2712"]
[BlackElo "2647"]
[PlyCount "72"]
[EventDate "2004.??.??"]

1. e4 c5 2. Nf3 Nc6 3. d4 cxd4 4. Nxd4 Qc7 5. Nc3 e6 6. Be3 a6 7. Qd2 Nf6 8.
O-O-O Bb4 9. f3 Ne5 10. Nb3 b5 11. Bd4 O-O 12. Qg5 Bd6 13. Kb1 Bb7 14. Bxb5 h6
15. Qe3 axb5 16. Nxb5 Qc6 17. Nxd6 Qxd6 18. Qf4 Qa6 19. Bxe5 Qxa2+ 20. Kc1 Rfc8
21. Kd2 Qa4 22. Rc1 Ne8 23. Rhd1 f6 24. Bc3 d5 25. Qg4 dxe4 26. Qxe6+ Kh8 27.
Nd4 Ra6 28. Qe7 Nd6 29. Ne6 Rg8 30. Ke1 exf3 31. Rd4 Qe8 32. Qxe8 Rxe8 33. gxf3
Nf5 34. Rf4 Raxe6+ 35. Kf2 Re2+ 36. Kg1 Ne3 0-1

[Event "Bosna 2004"]
[Site "Sarajevo"]
[Date "2004.05.19"]
[Round "2"]
[White "Sokolov, Ivan"]
[Black "Dizdarevic, Emir"]
[Result "1/2-1/2"]
[WhiteElo "2690"]
[BlackElo "2528"]
[PlyCount "108"]
[EventDate "19.??.??"]

1. d4 Nf6 2. c4 d6 3. Nf3 c5 4. Nc3 cxd4 5. Nxd4 Nc6 6. Bg5 Bd7 7. e3 Qa5 8.
Bxf6 gxf6 9. Qb3 f5 10. Qxb7 Rb8 11. Nxc6 Qxc3+ 12. bxc3 Rxb7 13. Nd4 e6 14.
Bd3 Bg7 15. Kd2 Ke7 16. Rhb1 Rhb8 17. Rb3 Rb6 18. Rab1 Kd8 19. g3 h6 20. Bc2
Bf6 21. Rb4 Kc7 22. Bd1 Be7 23. Bh5 Rf8 24. a4 d5 25. Rxb6 axb6 26. cxd5 e5 27.
Nf3 Bd6 28. Nh4 f4 29. gxf4 exf4 30. e4 Bc5 31. Ng2 Kd6 32. Nxf4 Ra8 33. Bxf7
Rxa4 34. Nd3 Rxe4 35. Nxc5 Kxc5 36. Re1 Rh4 37. Be6 Bb5 38. Ke3 Bc4 39. Rd1
Rxh2 40. Bf7 Kd6 41. Rg1 Rh3+ 42. Ke4 Bd3+ 43. Kf4 Rh4+ 44. Ke3 Bf5 45. f3 b5
46. Ra1 Rc4 47. Ra6+ Ke5 48. Kd2 Rf4 49. Rxh6 Rxf3 50. Be6 Be4 51. Bg8 Rd3+ 52.
Ke2 Rxc3 53. d6 Rc2+ 54. Ke3 Rc3+ 1/2-1/2

[Event "Bosna 2004"]
[Site "Sarajevo"]
[Date "2004.05.20"]
[Round "3"]
[White "Dizdarevic, Emir"]
[Black "Atalik, Suat"]
[Result "1-0"]
[WhiteElo "2528"]
[BlackElo "2558"]
[PlyCount "71"]
[EventDate "23.??.??"]

1. Nf3 e6 2. g3 b6 3. Bg2 Bb7 4. c4 Nf6 5. O-O Be7 6. d4 O-O 7. Nc3 Ne4 8. Qc2
Nxc3 9. Qxc3 f5 10. b3 Bf6 11. Bb2 Qe8 12. Qd2 Nc6 13. d5 Nd8 14. Nd4 d6 15. f4
exd5 16. cxd5 Qf7 17. Rac1 Rc8 18. Ne6 Bxb2 19. Qxb2 Re8 20. g4 fxg4 21. f5 c6
22. Nxd8 Rexd8 23. dxc6 Ba8 24. b4 b5 25. a4 a6 26. axb5 axb5 27. Qd4 d5 28.
Rc5 Bxc6 29. e4 h5 30. exd5 Bb7 31. f6 Re8 32. fxg7 Qg6 33. d6 Bxg2 34. d7 Bc6
35. dxc8=Q Rxc8 36. Qf6 1-0

[Event "Bosna 2004"]
[Site "Sarajevo"]
[Date "2004.05.20"]
[Round "3"]
[White "Movsesian, Sergei"]
[Black "Kurajica, Bojan"]
[Result "1-0"]
[WhiteElo "2647"]
[BlackElo "2528"]
[PlyCount "79"]
[EventDate "2004.??.??"]

1. e4 c5 2. Nf3 a6 3. c3 g6 4. d4 cxd4 5. Qxd4 Nf6 6. e5 Nc6 7. Qh4 Nd5 8. Bc4
e6 9. Bg5 Be7 10. Bxd5 exd5 11. Bxe7 Qxe7 12. Qxe7+ Kxe7 13. Nbd2 d6 14. exd6+
Kxd6 15. O-O-O Ke7 16. Rhe1+ Kf6 17. Nb3 Rd8 18. Nfd4 Bg4 19. f3 Bd7 20. Nc5
Rab8 21. Rd2 h5 22. Nxc6 Bxc6 23. Nb3 Re8 24. Rde2 Rxe2 25. Rxe2 Bb5 26. Re1
Rc8 27. Nd4 Bd7 28. Kd2 g5 29. b3 Rg8 30. Re3 Rc8 31. Ke2 Rg8 32. Kd3 g4 33.
Ke2 gxf3+ 34. Rxf3+ Ke5 35. Rxf7 Rxg2+ 36. Kf3 Bh3 37. Rh7 Rg5 38. Rxb7 Bg2+
39. Ke3 Rg4 40. Rb6 1-0

[Event "Bosna 2004"]
[Site "Sarajevo"]
[Date "2004.05.20"]
[Round "3"]
[White "Predojevic, Borki"]
[Black "Short, Nigel"]
[Result "1/2-1/2"]
[WhiteElo "2503"]
[BlackElo "2712"]
[PlyCount "61"]
[EventDate "2004.??.??"]

1. e4 e5 2. Nf3 Nc6 3. d4 exd4 4. Nxd4 Bc5 5. Be3 Qf6 6. c3 b6 7. g3 Bb7 8. Bg2
O-O-O 9. O-O h5 10. b4 Bxd4 11. cxd4 h4 12. Nc3 Kb8 13. Rc1 Rc8 14. Nd5 Qg6 15.
b5 Na5 16. Nxc7 Rxc7 17. Bf4 d6 18. Rxc7 Kxc7 19. Qc1+ Kb8 20. e5 d5 21. e6+
Ka8 22. Qc7 Nf6 23. e7 Rc8 24. Qd8 Qf5 25. Re1 h3 26. Re5 Qb1+ 27. Bf1 a6 28.
e8=Q Nxe8 29. Rxe8 Rxd8 30. Rxd8+ Ka7 31. Bb8+ 1/2-1/2

[Event "Bosna 2004"]
[Site "Sarajevo"]
[Date "2004.15.20"]
[Round "4"]
[White "Atalik, Suat"]
[Black "Short, Nigel"]
[Result "1/2-1/2"]
[WhiteElo "2558"]
[BlackElo "2712"]
[PlyCount "54"]
[EventDate "23.??.??"]

1. d4 Nf6 2. c4 e6 3. Nc3 Bb4 4. Qc2 d5 5. cxd5 exd5 6. Bg5 h6 7. Bh4 c5 8.
dxc5 g5 9. Bg3 Ne4 10. e3 Qa5 11. Nge2 Bf5 12. Be5 O-O 13. Nd4 Re8 14. Bxb8 Bg6
15. Bd3 Raxb8 16. O-O Qxc5 17. Rac1 Rec8 18. f3 Nxc3 19. Bxg6 Ne2+ 20. Qxe2
Qxc1 21. Bf5 Qd2 22. Bxc8 Qxe2 23. Nxe2 Rxc8 24. Nd4 Bd2 25. Kf2 Bc1 26. b3 Bb2
27. Re1 Bxd4 1/2-1/2

[Event "Bosna 2004"]
[Site "Sarajevo"]
[Date "2004.15.20"]
[Round "4"]
[White "Kurajica, Bojan"]
[Black "Predojevic, Borki"]
[Result "1/2-1/2"]
[WhiteElo "2528"]
[BlackElo "2503"]
[PlyCount "26"]
[EventDate "23.??.??"]

1. Nf3 c5 2. c4 g6 3. d4 Bg7 4. e4 cxd4 5. Nxd4 Nc6 6. Be3 Nf6 7. Nc3 O-O 8.
Be2 b6 9. O-O Bb7 10. f3 e6 11. Nxc6 Bxc6 12. Qd6 Ne8 13. Qd2 Qe7 1/2-1/2

[Event "Bosna 2004"]
[Site "Sarajevo"]
[Date "2004.15.20"]
[Round "4"]
[White "Kozul, Zdenko"]
[Black "Movsesian, Sergei"]
[Result "1/2-1/2"]
[WhiteElo "2627"]
[BlackElo "2647"]
[PlyCount "29"]
[EventDate "23.??.??"]

1. d4 Nf6 2. c4 c6 3. Nc3 d5 4. e3 a6 5. Bd3 b5 6. b3 Bg4 7. Nge2 Bh5 8. f3 Bg6
9. cxd5 cxd5 10. Nf4 e6 11. a4 b4 12. Nce2 Bd6 13. Bb2 Nbd7 14. Rc1 Qb6 15. Kf2
1/2-1/2

[Event "Bosna 2004"]
[Site "Sarajevo"]
[Date "2004.15.20"]
[Round "4"]
[White "Dizdarevic, Emir"]
[Black "Shirov, Alexei"]
[Result "0-1"]
[WhiteElo "2528"]
[BlackElo "2713"]
[PlyCount "74"]
[EventDate "23.??.??"]

1. Nf3 Nf6 2. g3 g6 3. b3 d6 4. d4 c5 5. Bg2 Bg7 6. Bb2 cxd4 7. Nxd4 d5 8. c4
dxc4 9. bxc4 Qb6 10. Qb3 Nfd7 11. Nd2 Nc6 12. Nb5 Nc5 13. Qa3 Bxb2 14. Qxb2 O-O
15. Qa3 Rd8 16. Nb3 Nxb3 17. axb3 Bg4 18. O-O Bxe2 19. Rfe1 Rd2 20. Qc1 Rad8
21. Nd6 Qb4 22. Ne4 Rd1 23. Qc3 Rxa1 24. Rxa1 Rd1+ 25. Rxd1 Bxd1 26. Qxb4 Nxb4
27. Nd2 b6 28. Bf3 Bxf3 29. Nxf3 f6 30. Kf1 Kf7 31. Ke2 e5 32. Nd2 f5 33. h4
Ke6 34. Nb1 Nc6 35. Kd3 e4+ 36. Ke3 Ke5 37. Nc3 Nd4 0-1

[Event "Bosna 2004"]
[Site "Sarajevo"]
[Date "2004.05.22"]
[Round "5"]
[White "Shirov, Alexei"]
[Black "Atalik, Suat"]
[Result "1-0"]
[WhiteElo "2713"]
[BlackElo "2558"]
[PlyCount "79"]
[EventDate "23.??.??"]

1. e4 e5 2. Nf3 Nc6 3. Bb5 a6 4. Ba4 Nf6 5. O-O Be7 6. Re1 b5 7. Bb3 d6 8. c3
O-O 9. h3 Na5 10. Bc2 c5 11. d4 cxd4 12. cxd4 Bb7 13. d5 Rc8 14. Nbd2 Nh5 15.
Nf1 Nc4 16. a4 b4 17. b3 Na3 18. Bd3 a5 19. Nxe5 Bf6 20. Qxh5 Bxe5 21. Ra2 Rc3
22. Qd1 Qf6 23. Re3 Rfc8 24. Bd2 R3c5 25. Rf3 Qd8 26. Ne3 R8c7 27. Ng4 Qc8 28.
Bf1 Rc1 29. Bxc1 Rxc1 30. Qd2 Ba6 31. Nxe5 Rxf1+ 32. Kh2 dxe5 33. d6 Bb7 34. d7
Qd8 35. Rd3 f6 36. Rd6 Kf7 37. Qe2 Rc1 38. Qh5+ Ke7 39. Re6+ Kxd7 40. Rd2+ 1-0

[Event "Bosna 2004"]
[Site "Sarajevo"]
[Date "2004.05.20"]
[Round "5"]
[White "Movsesian, Sergei"]
[Black "Sokolov, Ivan"]
[Result "1/2-1/2"]
[WhiteElo "2647"]
[BlackElo "2690"]
[PlyCount "26"]
[EventDate "23.??.??"]

1. e4 e5 2. Nf3 Nc6 3. d4 exd4 4. Nxd4 Bc5 5. Be3 Qf6 6. c3 Nge7 7. Bc4 O-O 8.
O-O b6 9. Nxc6 Qxc6 10. Bxc5 Qxc5 11. Qd4 Bb7 12. Qxc5 bxc5 13. Nd2 a5 1/2-1/2

[Event "Bosna 2004"]
[Site "Sarajevo"]
[Date "2004.05.20"]
[Round "5"]
[White "Predojevic, Borki"]
[Black "Kozul, Zdenko"]
[Result "0-1"]
[WhiteElo "2503"]
[BlackElo "2627"]
[PlyCount "100"]
[EventDate "23.??.??"]

1. e4 c5 2. Nf3 Nc6 3. d4 cxd4 4. Nxd4 Nf6 5. Nc3 d6 6. Bg5 e6 7. Qd2 a6 8.
O-O-O Bd7 9. f3 Be7 10. h4 h6 11. Be3 h5 12. Nxc6 Bxc6 13. Ne2 d5 14. e5 Nd7
15. f4 Bb5 16. g3 g6 17. Kb1 Rc8 18. Nc1 Bxf1 19. Rhxf1 b5 20. Nd3 Qc7 21. Bd4
a5 22. Rc1 Qc4 23. Qe3 Qc6 24. c3 Qa6 25. Rf2 Rc6 26. Rfc2 Nb6 27. b3 Ba3 28.
Rd1 Nc8 29. Nc5 Bxc5 30. Bxc5 Ne7 31. b4 Nf5 32. Qf3 Kd7 33. a4 Rb8 34. Rcd2
Ke8 35. Ka1 bxa4 36. Qd3 axb4 37. cxb4 Qxd3 38. Rxd3 Kd7 39. Ka2 Ra8 40. Ka3
Rcc8 41. Rc3 Kc6 42. Rdc1 Kb5 43. Rd3 Rc6 44. Rcd1 Rac8 45. Kb2 Ng7 46. Ra1 Ra6
47. Rda3 Ne8 48. Kc3 Nc7 49. Kd4 Na8 50. Kd3 Rcc6 0-1

[Event "Bosna 2004"]
[Site "Sarajevo"]
[Date "2004.05.22"]
[Round "5"]
[White "Short, Nigel"]
[Black "Kurajica, Bojan"]
[Result "1/2-1/2"]
[WhiteElo "2712"]
[BlackElo "2528"]
[PlyCount "82"]
[EventDate "23.??.??"]

1. e4 c5 2. Nf3 e6 3. d4 cxd4 4. Nxd4 Nf6 5. Nc3 Nc6 6. Ndb5 Bb4 7. a3 Bxc3+ 8.
Nxc3 d5 9. Bd3 dxe4 10. Nxe4 Nxe4 11. Bxe4 Qxd1+ 12. Kxd1 Bd7 13. Be3 O-O-O 14.
Ke1 f5 15. Bd3 e5 16. f3 f4 17. Bf2 g6 18. Rd1 Bf5 19. Bxf5+ gxf5 20. g3 Rhe8
21. Rxd8+ Kxd8 22. gxf4 exf4+ 23. Kd1 Re6 24. Rg1 Rd6+ 25. Ke2 Re6+ 26. Kf1 Rg6
27. Rg2 Kd7 28. Bc5 Rxg2 29. Kxg2 a6 30. Bb6 Kd6 31. Kf2 Kd5 32. Ke2 Kc4 33. h3
Kb5 34. Bf2 Kc4 35. Kd2 b5 36. b3+ Kd5 37. Kd3 Ne5+ 38. Ke2 Nc6 39. Bb6 h5 40.
Kd3 Ne5+ 41. Ke2 Nc6 1/2-1/2

[Event "Bosna 2004"]
[Site "Sarajevo"]
[Date "2004.05.24"]
[Round "6"]
[White "Atalik, Suat"]
[Black "Kurajica, Bojan"]
[Result "1/2-1/2"]
[WhiteElo "2558"]
[BlackElo "2528"]
[PlyCount "99"]
[EventDate "2004.??.??"]

1. d4 Nf6 2. c4 e6 3. Nc3 Bb4 4. Qc2 c5 5. dxc5 O-O 6. a3 Bxc5 7. Nf3 Nc6 8.
Bf4 Nh5 9. Bg3 f5 10. e3 b6 11. Rd1 Bb7 12. Be2 Nxg3 13. hxg3 Rf7 14. g4 g6 15.
gxf5 gxf5 16. Rh3 Rg7 17. g3 Qf6 18. Nb5 Rc8 19. b4 Bf8 20. Nd6 Bxd6 21. Rxd6
Qa1+ 22. Qd1 Qxa3 23. Rxd7 Qxb4+ 24. Kf1 Qf8 25. Rxg7+ Qxg7 26. Qd6 Qa1+ 27.
Ne1 Qe5 28. Qd7 Rc7 29. Qe8+ Kg7 30. g4 Re7 31. Qh5 Kf8 32. gxf5 exf5 33. Rf3
Rf7 34. Rf4 Qf6 35. c5 Ne5 36. cxb6 axb6 37. Qh3 Ng6 38. Qh6+ Qg7 39. Qxg7+
Kxg7 40. Rb4 Rf6 41. Nd3 Be4 42. Rd4 Kh6 43. f3 Bxd3 44. Bxd3 Ne5 45. Be2 f4
46. exf4 Ng6 47. f5 Rxf5 48. Rd6 Kg5 49. Rxb6 Nf4 50. Rb5 1/2-1/2

[Event "Bosna 2004"]
[Site "Sarajevo"]
[Date "2004.05.24"]
[Round "6"]
[White "Dizdarevic, Emir"]
[Black "Movsesian, Sergei"]
[Result "1/2-1/2"]
[WhiteElo "2528"]
[BlackElo "2647"]
[PlyCount "162"]
[EventDate "2004.??.??"]

1. Nf3 d5 2. e3 Nf6 3. c4 c6 4. d4 Bg4 5. h3 Bh5 6. Bd3 Nbd7 7. Nbd2 e6 8. O-O
Bd6 9. b3 O-O 10. Bb2 Re8 11. Qc2 e5 12. dxe5 Nxe5 13. Nxe5 Bxe5 14. Bxe5 Rxe5
15. Rae1 Bg6 16. Bxg6 hxg6 17. e4 Nxe4 18. Nxe4 Qe7 19. cxd5 cxd5 20. f3 Re8
21. Qf2 b6 22. Re2 dxe4 23. Rxe4 Rxe4 24. fxe4 f6 25. Rd1 Qxe4 26. Qd4 Qc2 27.
Rd2 Qc1+ 28. Kh2 Re1 29. Qf4 Re8 30. Qd6 Re5 31. Rd4 g5 32. Rc4 Qf1 33. Qd2 Kh7
34. Qc2+ Kh6 35. Qc1 Qf2 36. Rc2 Qf5 37. Qd2 Re4 38. Qc3 Rf4 39. Rd2 Rf1 40.
Qe3 Kh7 41. b4 Rf4 42. a3 Re4 43. Qg3 a5 44. Rd6 Re6 45. Rxe6 Qxe6 46. bxa5
bxa5 47. Qd3+ Kh6 48. Qd1 Qe5+ 49. Kh1 f5 50. a4 Kg6 51. Qb1 Qc3 52. Qd1 Qb4
53. Qd7 g4 54. hxg4 fxg4 55. Qe6+ Kh7 56. Qf5+ g6 57. Qg5 Kg7 58. Qe5+ Kf7 59.
g3 Qb1+ 60. Kh2 Qc2+ 61. Kg1 Qb1+ 62. Kh2 Qf5 63. Qc7+ Kg8 64. Qd8+ Kg7 65.
Qe7+ Kh6 66. Qe3+ Kh5 67. Qd2 Qc5 68. Qf4 Qc2+ 69. Kg1 Qb2 70. Kh1 Qb1+ 71. Kh2
Qa2+ 72. Kg1 g5 73. Qc7 Qb1+ 74. Kf2 Qf5+ 75. Ke3 Qe6+ 76. Kd4 Kg6 77. Kc5 Qe1
78. Qd6+ Kf7 79. Kb5 Ke8 80. Qg6+ Kf8 81. Qd6+ Ke8 1/2-1/2

[Event "Bosna 2004"]
[Site "Sarajevo"]
[Date "2004.05.25"]
[Round "7"]
[White "Movsesian, Sergei"]
[Black "Shirov, Alexei"]
[Result "1/2-1/2"]
[WhiteElo "2647"]
[BlackElo "2713"]
[PlyCount "77"]
[EventDate "2004.??.??"]

1. e4 e5 2. Nf3 Nc6 3. d4 exd4 4. Nxd4 Bc5 5. Be3 Qf6 6. c3 Nge7 7. g3 h5 8. h3
b6 9. Bg2 Bb7 10. O-O O-O-O 11. b4 Nxd4 12. bxc5 Ndc6 13. Na3 d5 14. cxd6 Rxd6
15. Qa4 Rd3 16. Nb5 a6 17. Qc2 Rd7 18. Nd4 Rhd8 19. Rad1 Qg6 20. Ne2 Rxd1 21.
Rxd1 Rxd1+ 22. Qxd1 Qf6 23. h4 g6 24. Nd4 Ne5 25. Qa4 b5 26. Qb4 Qd6 27. Bg5 c5
28. Qb3 cxd4 29. cxd4 Qxd4 30. Bxe7 Qa1+ 31. Bf1 Bxe4 32. Bf6 Nf3+ 33. Qxf3
Qxf1+ 34. Kxf1 Bxf3 35. Ke1 Kd7 36. Kd2 b4 37. Kc2 a5 38. a3 Ke6 39. Bd8
1/2-1/2

[Event "Bosna 2004"]
[Site "Sarajevo"]
[Date "2004.05.25"]
[Round "7"]
[White "Kurajica, Bojan"]
[Black "Kozul, Zdenko"]
[Result "1/2-1/2"]
[WhiteElo "2528"]
[BlackElo "2627"]
[PlyCount "100"]
[EventDate "2004.??.??"]

1. e4 c5 2. Nf3 Nc6 3. Bb5 g6 4. O-O Bg7 5. c3 e5 6. b4 cxb4 7. cxb4 Nge7 8.
Bb2 O-O 9. Bxc6 Nxc6 10. b5 Nd4 11. Nxd4 exd4 12. Qa4 Qb6 13. Na3 d5 14. exd5
Rd8 15. Rfe1 Bf5 16. Qb3 Rac8 17. Rac1 Rxc1 18. Rxc1 Qd6 19. Re1 h5 20. h3 b6
21. Nc2 Qxd5 22. Re8+ Kh7 23. Rxd8 Qxd8 24. Qc4 Bxc2 25. Qxc2 Qe8 26. Kf1 Qxb5+
27. d3 Qe5 28. Qc4 f5 29. a4 Qd6 30. Ke2 Qe7+ 31. Kf1 Qd7 32. Bc1 Be5 33. Bd2
Kg7 34. Ke2 Bf6 35. Bf4 g5 36. Bd2 h4 37. Bc1 Qd6 38. Qc8 Qd5 39. Bd2 Qe5+ 40.
Kd1 Qd5 41. Ke2 Kf7 42. Qc7+ Kg6 43. Qc8 f4 44. f3 Be7 45. Qe8+ Qf7 46. Qxf7+
Kxf7 47. Kd1 Ke6 48. Kc2 Kd5 49. Kb3 Bd6 50. Be1 Be7 1/2-1/2

[Event "Bosna 2004"]
[Site "Sarajevo"]
[Date "2004.05.25"]
[Round "7"]
[White "Short, Nigel"]
[Black "Sokolov, Ivan"]
[Result "1/2-1/2"]
[WhiteElo "2712"]
[BlackElo "2690"]
[PlyCount "94"]
[EventDate "2004.??.??"]

1. e4 e5 2. Nf3 Nc6 3. Bc4 Bc5 4. b4 Bxb4 5. c3 Bd6 6. O-O Nf6 7. d4 O-O 8. Re1
h6 9. Nbd2 Re8 10. Bb3 b5 11. a4 b4 12. Nc4 bxc3 13. dxe5 Bxe5 14. Nfxe5 Nxe5
15. Nxe5 Rxe5 16. Bf4 Re7 17. e5 Ne8 18. Qd3 d5 19. Qxc3 Bf5 20. Rad1 Rd7 21.
a5 c6 22. Qxc6 Rc8 23. Qa4 Nc7 24. Be3 Ne6 25. a6 Nc5 26. Bxc5 Rxc5 27. Rd4 Ra5
28. Qc6 Qb6 29. Qxb6 axb6 30. f4 Rxa6 31. Rxd5 Rxd5 32. Bxd5 b5 33. Rc1 Rb6 34.
Kf2 b4 35. Bb3 g5 36. fxg5 hxg5 37. Ke3 Be6 38. Rb1 Bxb3 39. Rxb3 Rb5 40. Kd4
Kg7 41. g4 Kf8 42. Kc4 Rxe5 43. Rxb4 Re2 44. h3 Re4+ 45. Kc5 Re3 46. Kd4 Rxh3
47. Ke4 Kg7 1/2-1/2

[Event "Bosna 2004"]
[Site "Sarajevo"]
[Date "2004.05.26"]
[Round "8"]
[White "Atalik, Suat"]
[Black "Kozul, Zdenko"]
[Result "0-1"]
[WhiteElo "2558"]
[BlackElo "2627"]
[PlyCount "90"]
[EventDate "2004.??.??"]

1. d4 Nf6 2. c4 g6 3. Nc3 Bg7 4. e4 d6 5. Bd3 O-O 6. Nge2 c6 7. O-O Nbd7 8. Bc2
e5 9. d5 cxd5 10. cxd5 a6 11. a4 a5 12. h3 Nc5 13. Be3 b6 14. Qd2 Ba6 15. Rfb1
Rc8 16. Ra3 Nfd7 17. g4 h5 18. Kg2 hxg4 19. hxg4 Nf6 20. f3 Nh7 21. Rh1 Bf6 22.
Raa1 Bxe2 23. Nxe2 Ng5 24. Rh6 Kg7 25. Rah1 Rg8 26. Nc3 Qe7 27. Nb5 Rh8 28.
Rxh8 Rxh8 29. Rxh8 Kxh8 30. Bxc5 dxc5 31. d6 Qd8 32. Bb3 Kg7 33. d7 Qh8 34. Bd1
Qh3+ 35. Kf2 Ne6 36. Kg1 Qg3+ 37. Kf1 Qh4 38. Qf2 Qh1+ 39. Qg1 Qh6 40. Nd6 Kf8
41. g5 Nxg5 42. Ne8 Qh3+ 43. Kf2 Bd8 44. Qg4 Qxg4 45. fxg4 Ke7 0-1

[Event "Bosna 2004"]
[Site "Sarajevo"]
[Date "2004.05.26"]
[Round "8"]
[White "Dizdarevic, Emir"]
[Black "Short, Nigel"]
[Result "1/2-1/2"]
[WhiteElo "2528"]
[BlackElo "2712"]
[PlyCount "53"]
[EventDate "2004.??.??"]

1. Nf3 d5 2. d4 Nf6 3. c4 e6 4. Nc3 Be7 5. Bg5 h6 6. Bxf6 Bxf6 7. e3 O-O 8. Qb3
c6 9. Rd1 Nd7 10. Bd3 Rb8 11. O-O b5 12. cxd5 cxd5 13. a3 Be7 14. Qa2 a6 15. b4
Bb7 16. Rb1 Bd6 17. a4 Bc6 18. axb5 axb5 19. Qe2 Qb6 20. Rfc1 f5 21. Rc2 Nf6
22. Nd2 Ne4 23. Na2 Ra8 24. Rbc1 Be8 25. Nb3 Qb8 26. g3 e5 27. Rc8 1/2-1/2

[Event "Bosna 2004"]
[Site "Sarajevo"]
[Date "2004.05.27"]
[Round "9"]
[White "Movsesian, Sergei"]
[Black "Atalik, Suat"]
[Result "1/2-1/2"]
[WhiteElo "2647"]
[BlackElo "2558"]
[PlyCount "31"]
[EventDate "2004.??.??"]

1. e4 c5 2. Nf3 d6 3. Nc3 Nc6 4. d4 cxd4 5. Nxd4 Nf6 6. g3 e6 7. Bg2 Bd7 8. O-O
a6 9. Be3 Be7 10. a4 O-O 11. Qe2 Qc7 12. h3 Nxd4 13. Bxd4 e5 14. Be3 Be6 15.
Rfd1 Rac8 16. Kh2 1/2-1/2

[Event "Bosna 2004"]
[Site "Sarajevo"]
[Date "2004.05.27"]
[Round "9"]
[White "Short, Nigel"]
[Black "Shirov, Alexei"]
[Result "1/2-1/2"]
[WhiteElo "2712"]
[BlackElo "2713"]
[PlyCount "70"]
[EventDate "2004.??.??"]

1. e4 c5 2. Nf3 Nc6 3. d4 cxd4 4. Nxd4 Nf6 5. Nc3 e5 6. Ndb5 d6 7. Bg5 a6 8.
Na3 b5 9. Bxf6 gxf6 10. Nd5 f5 11. Bd3 Be6 12. O-O Bxd5 13. exd5 Ne7 14. Qh5 e4
15. Be2 Bg7 16. c3 O-O 17. Nc2 Rc8 18. Ne3 f4 19. Nf5 Re8 20. Bg4 Rc5 21. Nxe7+
Qxe7 22. Rae1 Qe5 23. Bf5 Qxd5 24. Rxe4 Rxe4 25. Qxh7+ Kf8 26. Bxe4 Qxa2 27.
Qh4 Be5 28. g3 Qe6 29. Bf3 fxg3 30. fxg3 Bf6 31. Qh6+ Kg8 32. Kg2 b4 33. Bb7
Rf5 34. Rxf5 Qxf5 35. cxb4 Qc2+ 1/2-1/2

[Event "Bosna 2004"]
[Site "Sarajevo"]
[Date "2004.05.27"]
[Round "9"]
[White "Kurajica, Bojan"]
[Black "Dizdarevic, Emir"]
[Result "1/2-1/2"]
[WhiteElo "2528"]
[BlackElo "2528"]
[PlyCount "25"]
[EventDate "2004.??.??"]

1. e4 e6 2. d4 d5 3. Nd2 dxe4 4. Nxe4 Nd7 5. Nf3 Ngf6 6. Bd3 Nxe4 7. Bxe4 Nf6
8. Bd3 c5 9. Bb5+ Bd7 10. Bxd7+ Qxd7 11. dxc5 Qxd1+ 12. Kxd1 Bxc5 13. Ke2
1/2-1/2